[Event "Saint Louis Spring-A"]
[Site "Saint Louis"]
[Date "2024.04.15"]
[Round "5"]
[White "Yoo, Christopher Woojin"]
[Black "Mishra, Abhimanyu"]
[Result "1/2-1/2"]
[WhiteElo "2583"]
[BlackElo "2626"]
[PlyCount "186"]
[EventDate "2024.04.11"]
[EventType "tourn"]
[EventRounds "9"]
[EventCountry "USA"]
[EventCategory "15"]
[SourceTitle "CB17_2024"]
[SourceDate "2024.04.24"]
[SourceVersion "1"]
[SourceVersionDate "2024.04.24"]
[SourceQuality "1"]

1. e4 e5 2. Nf3 Nc6 3. Bb5 a6 4. Ba4 Nf6 5. 0-0 b5 6. Bb3 Bc5 7. c3 d6 8. d4 Bb6 9. a4 Rb8 10. a5 Ba7 11. h3 Bb7 12. Be3 Nxe4 13. d5 Bxe3 14. dxc6 Nxf2 15. Qe2 Nxh3+ 16. Kh1 Nf2+ 17. Rxf2 Bxf2 18. Qxf2 Bxc6 19. Nxe5 Bxg2+ 20. Kg1 Qf6 21. Nxf7 Qxf2+ 22. Kxf2 Rf8 23. Kxg2 Rxf7 24. Bxf7+ Kxf7 25. Nd2 b4 26. c4 Re8 27. Kf3 g5 28. c5 dxc5 29. Ne4 Re5 30. Rc1 Ke6 31. Nxc5+ Kd6 32. Nxa6 Rxa5 33. Nxb4 Rf5+ 34. Ke3 Re5+ 35. Kd2 Rb5 36. Rc6+ Kd7 37. Rc4 h5 38. Nd3 Kd6 39. Ke3 h4 40. b4 h3 41. Kf3 Rd5 42. Nc5 Rf5+ 43. Kg3 Rf4 44. Rc2 Rxb4 45. Kxh3 Kd5 46. Na6 Rc4 47. Nxc7+ Kd4 48. Ne6+ Kd5 49. Re2 Re4 50. Nc7+ Ke5 51. Rc2 Rb4 52. Rc6 Rd4 53. Kg3 Ke4 54. Kg4 Kd3+ 55. Kxg5 Rc4 56. Rd6+ Ke4 57. Ne8 Rc5+ 58. Kg4 Ke5 59. Ra6 Rc1 60. Ra5+ Kd4 61. Nd6 Rg1+ 62. Kf3 Rf1+ 63. Ke2 Rh1 64. Nf5+ Kc4 65. Ne3+ Kd4 66. Ra4+ Ke5 67. Kd3 Rh3 68. Re4+ Kd6 69. Kd4 Rh5 70. Rg4 Ke6 71. Rg6+ Kf7 72. Ra6 Rh1 73. Nc4 Rd1+ 74. Kc5 Rc1 75. Rh6 Ke7 76. Rh2 Ke6 77. Re2+ Kf6 78. Kd5 Rd1+ 79. Nd2 Ra1 80. Ne4+ Kf5 81. Rf2+ Kg4 82. Nc3 Ra8 83. Ne4 Ra1 84. Rf6 Ra5+ 85. Ke6 Ra6+ 86. Nd6 Kg3 87. Kd5 Ra5+ 88. Kd4 Ra4+ 89. Ke3 Ra3+ 90. Ke4 Ra4+ 91. Nc4 Rxc4+ 92. Kd5 Rf4 93. Rxf4 Kxf4 1/2-1/2

[Event "Karlsruhe Grenke op"]
[Site "Karlsruhe"]
[Date "2024.03.31"]
[Round "7"]
[White "Ivic, Velimir"]
[Black "Mishra, Abhimanyu"]
[Result "1-0"]
[WhiteElo "2582"]
[BlackElo "2627"]
[PlyCount "173"]
[EventDate "2024.03.28"]
[EventType "swiss"]
[EventRounds "9"]
[EventCountry "GER"]
[SourceTitle "CB14_2024"]
[SourceDate "2024.04.01"]
[SourceVersion "1"]
[SourceVersionDate "2024.04.01"]
[SourceQuality "1"]

1. e4 e6 2. d4 d5 3. Nc3 Bb4 4. e5 c5 5. a3 Bxc3+ 6. bxc3 Ne7 7. Qg4 Qc7 8. Bd3 cxd4 9. Ne2 dxc3 10. Qxg7 Rg8 11. Qxh7 Qxe5 12. Bf4 Qf6 13. h4 Nd7 14. Bg5 Qh8 15. Qxh8 Rxh8 16. Nxc3 f6 17. Be3 a6 18. g4 e5 19. g5 f5 20. Ne2 e4 21. Bd4 Rg8 22. f4 exd3 23. cxd3 Nf8 24. h5 Bd7 25. Kd2 Kf7 26. Rag1 Rc8 27. Be5 Rc6 28. Nd4 Rb6 29. Rb1 Rxb1 30. Rxb1 Nc6 31. Nf3 b5 32. Rc1 Be8 33. Bb2 Ke6 34. h6 Ng6 35. Rh1 Nce7 36. h7 Rh8 37. Rh6 Ng8 38. hxg8Q+ Rxg8 39. Nd4+ Kd7 40. Nxf5 Rf8 41. Rh7+ Rf7 42. Rxf7+ Bxf7 43. Nh6 Be8 44. f5 Nh4 45. g6 Nxg6 46. fxg6 Bxg6 47. Ng4 Kd6 48. Bd4 Bf5 49. Ne3 Bh7 50. Nc2 a5 51. Bc3 b4 52. axb4 axb4 53. Bxb4+ Ke5 54. Ke3 Bg6 55. Bc3+ Kd6 56. Kd4 Bh7 57. Bb4+ Kc6 58. Ne3 Bg6 59. Ba3 Bf7 60. Nf5 Be6 61. Ne7+ Kb5 62. Nxd5 Ka4 63. Bf8 Kb3 64. Ne3 Bg8 65. Ke5 Kc3 66. d4 Kd3 67. Nf5 Kc4 68. d5 Bxd5 69. Ne3+ Kc3 70. Kxd5 Kd3 71. Bc5 Ke2 72. Ke4 Kf2 73. Nf5+ Kg2 74. Kf4 Kf1 75. Ke3 Ke1 76. Ng3 Kd1 77. Kd3 Ke1 78. Bb6 Kd1 79. Ne4 Kc1 80. Bd4 Kb1 81. Kc3 Kc1 82. Nf2 Kb1 83. Kb3 Kc1 84. Be3+ Kb1 85. Ne4 Ka1 86. Bc5 Kb1 87. Ba3 1-0

[Event "Karlsruhe Grenke op"]
[Site "Karlsruhe"]
[Date "2024.03.31"]
[Round "6"]
[White "Mishra, Abhimanyu"]
[Black "Feuerstack, Aljoscha"]
[Result "1-0"]
[WhiteElo "2627"]
[BlackElo "2471"]
[PlyCount "141"]
[EventDate "2024.03.28"]
[EventType "swiss"]
[EventRounds "9"]
[EventCountry "GER"]
[SourceTitle "CB14_2024"]
[SourceDate "2024.04.01"]
[SourceVersion "1"]
[SourceVersionDate "2024.04.01"]
[SourceQuality "1"]

1. e4 c5 2. Nf3 e6 3. d4 cxd4 4. Nxd4 Nf6 5. Nc3 Nc6 6. Bf4 Bb4 7. Ndb5 0-0 8. Bc7 Qe7 9. Bd6 Bxd6 10. Qxd6 Qd8 11. 0-0-0 a6 12. Nd4 Ne7 13. h4 b5 14. a3 Bb7 15. f3 Ne8 16. Qf4 Rc8 17. g4 Qc7 18. Qg5 d5 19. e5 Nc6 20. Nxc6 Bxc6 21. Qe3 f6 22. exf6 e5 23. fxg7 Rf4 24. Qc5 Nf6 25. Bd3 d4 26. g5 Bxf3 27. Qxc7 Rxc7 28. gxf6 Bxh1 29. Rg1 Rc8 30. Ne2 Rxf6 31. Rxh1 Rf3 32. Kd2 Rc7 33. Ra1 Kxg7 34. a4 Rh3 35. axb5 axb5 36. Rg1+ Kf6 37. Rf1+ Kg7 38. Rf5 Re7 39. Rg5+ Kf6 40. Rh5 e4 41. Bxb5 Re5 42. Rh6+ Kg7 43. Rb6 Rh2 44. Bc4 Rc5 45. b3 Ra5 46. b4 Ra3 47. Rd6 e3+ 48. Kc1 Ra4 49. Nxd4 Rh1+ 50. Kb2 Rxb4+ 51. Kc3 Rb8 52. Nf5+ Kh8 53. Re6 Rf8 54. Bd3 Rh3 55. Rxe3 Rxe3 56. Nxe3 Rf4 57. Nf5 Kg8 58. Kd2 Kf7 59. Ke3 Ra4 60. c4 Ke6 61. Kd4 Ra1 62. Ne3 Rh1 63. Bxh7 Rxh4+ 64. Be4 Kd7 65. c5 Kc7 66. Nd5+ Kc6 67. Nc3+ Kd7 68. Kc4 Rh2 69. c6+ Kc7 70. Kc5 Rh6 71. Nb5+ 1-0

[Event "Karlsruhe Grenke op"]
[Site "Karlsruhe"]
[Date "2024.03.30"]
[Round "4"]
[White "Mishra, Abhimanyu"]
[Black "Niermann, Tristan"]
[Result "1-0"]
[WhiteElo "2627"]
[BlackElo "2422"]
[PlyCount "97"]
[EventDate "2024.03.28"]
[EventType "swiss"]
[EventRounds "9"]
[EventCountry "GER"]
[SourceTitle "CB14_2024"]
[SourceDate "2024.04.01"]
[SourceVersion "1"]
[SourceVersionDate "2024.04.01"]
[SourceQuality "1"]

1. e4 c5 2. Nf3 d6 3. d4 cxd4 4. Nxd4 Nf6 5. Nc3 Nc6 6. Bg5 e6 7. Qd2 a6 8. Nxc6 bxc6 9. 0-0-0 Be7 10. Bxf6 gxf6 11. Bc4 Bb7 12. Bb3 Qc7 13. Rhe1 0-0-0 14. Qe2 h5 15. f4 Bf8 16. Kb1 Bh6 17. f5 exf5 18. Rf1 f4 19. Qxh5 Bg5 20. Qg4+ Kb8 21. h3 Rde8 22. Rd4 Bc8 23. Qf3 f5 24. Rfd1 Rh6 25. Qd3 Bb7 26. a3 Re5 27. exf5 Re3 28. Qf1 d5 29. Na4 Qd6 30. Ka2 Ka7 31. c4 f3 32. gxf3 Bf6 33. Qf2 Bxd4 34. Rxd4 c5 35. Qxe3 cxd4 36. Qxd4+ Kb8 37. c5 Qf6 38. Qf4+ Ka7 39. Nb6 Rh4 40. Qc7 Qc6 41. Qe7 Rd4 42. Qe3 Qf6 43. Nd7 Qh4 44. Qe8 Qf4 45. Qd8 Rd2 46. Qb6+ Ka8 47. c6 Bc8 48. c7 Bb7 49. Qc5 1-0

[Event "Prague Challengers 6th"]
[Site "Prague"]
[Date "2024.03.07"]
[Round "9"]
[White "L'Ami, Erwin"]
[Black "Mishra, Abhimanyu"]
[Result "1/2-1/2"]
[WhiteElo "2636"]
[BlackElo "2627"]
[PlyCount "91"]
[EventDate "2024.02.26"]
[EventType "tourn"]
[EventRounds "9"]
[EventCountry "CZE"]
[EventCategory "12"]
[SourceTitle "CB11_2024"]
[SourceDate "2024.03.13"]
[SourceVersion "1"]
[SourceVersionDate "2024.03.13"]
[SourceQuality "1"]

1. d4 d5 2. c4 c6 3. Nc3 Nf6 4. cxd5 cxd5 5. Bf4 Nc6 6. e3 a6 7. Bd3 Bg4 8. Nge2 e6 9. h3 Bxe2 10. Qxe2 Bd6 11. Bg5 0-0 12. 0-0 h6 13. Bh4 Be7 14. Bg3 Bd6 15. f4 Ne8 16. Rad1 f5 17. Be1 Nf6 18. Bh4 Qd7 19. Bxf6 Rxf6 20. g4 g6 21. Kh1 Kh8 22. Rg1 Rg8 23. Rg2 Qh7 24. gxf5 gxf5 25. Rdg1 Rfg6 26. Qh5 Rxg2 27. Rxg2 Rxg2 28. Kxg2 Ne7 29. Na4 Qg8+ 30. Kf2 Kg7 31. Qd1 Qc8 32. Be2 Qc7 33. Nc3 Kf6 34. Bh5 Nc6 35. Ne2 Na5 36. Qg1 Qg7 37. Ng3 Qf8 38. Be2 Nc6 39. Qc1 Ne7 40. Qd1 Qc8 41. Bd3 Kg7 42. Qh5 Qf8 43. Qd1 Qc8 44. a3 Ng8 45. Nh5+ Kf7 46. Qc2 1/2-1/2

[Event "Prague Challengers 6th"]
[Site "Prague"]
[Date "2024.03.02"]
[Round "5"]
[White "Korobov, Anton"]
[Black "Mishra, Abhimanyu"]
[Result "1-0"]
[WhiteElo "2666"]
[BlackElo "2627"]
[PlyCount "245"]
[EventDate "2024.02.26"]
[EventType "tourn"]
[EventRounds "9"]
[EventCountry "CZE"]
[EventCategory "12"]
[SourceTitle "CB11_2024"]
[SourceDate "2024.03.13"]
[SourceVersion "1"]
[SourceVersionDate "2024.03.13"]
[SourceQuality "1"]

1. d4 d5 2. c4 c6 3. Nf3 Nf6 4. Nbd2 Bf5 5. Nh4 Be4 6. Qb3 Qc7 7. e3 e6 8. Nxe4 Nxe4 9. Bd3 Be7 10. Nf3 Nd7 11. 0-0 0-0 12. Qc2 f5 13. b3 a5 14. a3 Bd6 15. Bb2 h6 16. g3 Rf7 17. Ne1 Raf8 18. Ng2 Qb8 19. Nf4 Re8 20. f3 Nef6 21. Ng2 Ref8 22. Bc3 b6 23. b4 axb4 24. axb4 c5 25. bxc5 bxc5 26. Ra6 cxd4 27. Bxd4 Nc5 28. Bxc5 Bxc5 29. cxd5 Rc7 30. Qa2 exd5 31. Bxf5 Re8 32. Kh1 Qb5 33. Rb1 Qc4 34. Be6+ Kh8 35. Qxc4 dxc4 36. Bxc4 Bxe3 37. Bd3 Rc1+ 38. Rxc1 Bxc1 39. Nh4 Bb2 40. Ra7 Rd8 41. Ng6+ Kg8 42. Ne7+ Kh8 43. Bf5 Re8 44. Kg2 Bd4 45. Rb7 Bc5 46. Ng6+ Kg8 47. f4 Re2+ 48. Kh3 Bg1 49. Rb8+ Re8 50. Rb2 Bc5 51. Kg2 Nd5 52. Bd3 Nf6 53. h4 Ng4 54. h5 Nf6 55. Rb5 Ba3 56. Kf3 Bc1 57. Ne5 Ba3 58. Bg6 Rc8 59. g4 Rf8 60. Nc4 Be7 61. Rb7 Bc5 62. Rc7 Bb4 63. Ne3 Bd6 64. Rc6 Bb8 65. Rc4 Rd8 66. Nf5 Rd3+ 67. Ke2 Rd8 68. Nd4 Bd6 69. Ne6 Rb8 70. g5 hxg5 71. fxg5 Nd7 72. Rd4 Rb6 73. Be4 Nf8 74. Nd8 Be7 75. Bd5+ Kh7 76. Nf7 g6 77. Re4 Bxg5 78. Nxg5+ Kg7 79. Rf4 gxh5 80. Rf7+ Kh6 81. Ne4 Ng6 82. Ke3 Ne5 83. Rf5 Ng6 84. Ng3 h4 85. Rh5+ Kg7 86. Nf5+ Kf6 87. Nd4 Rb1 88. Rf5+ Ke7 89. Nc6+ Kd6 90. Be4 Re1+ 91. Kd3 Ke6 92. Nd4+ Ke7 93. Nf3 Rd1+ 94. Ke3 h3 95. Rh5 Nf8 96. Rxh3 Nd7 97. Rh7+ Kd6 98. Rh6+ Ke7 99. Nd4 Nf6 100. Bf3 Ra1 101. Nf5+ Kf7 102. Kf4 Rf1 103. Ne3 Ra1 104. Kg5 Rg1+ 105. Kf5 Ng8 106. Rh7+ Kf8 107. Ng4 Ra1 108. Ne5 Ra6 109. Bh5 Ne7+ 110. Kg5 Re6 111. Rf7+ Kg8 112. Ng4 Nd5 113. Bg6 Kh8 114. Rh7+ Kg8 115. Nh6+ Kf8 116. Nf5 Kg8 117. Rd7 Nf6 118. Rd8+ Ne8 119. Bxe8 Kh7 120. Rd7+ Kg8 121. Bf7+ Kh8 122. Rd8+ Kh7 123. Bg8+ 1-0

[Event "Prague Challengers 6th"]
[Site "Prague"]
[Date "2024.03.01"]
[Round "4"]
[White "Mishra, Abhimanyu"]
[Black "Santos Latasa, Jaime"]
[Result "1/2-1/2"]
[WhiteElo "2627"]
[BlackElo "2612"]
[PlyCount "76"]
[EventDate "2024.02.26"]
[EventType "tourn"]
[EventRounds "9"]
[EventCountry "CZE"]
[EventCategory "12"]
[SourceTitle "CB11_2024"]
[SourceDate "2024.03.13"]
[SourceVersion "1"]
[SourceVersionDate "2024.03.13"]
[SourceQuality "1"]

1. e4 e5 2. Nf3 Nc6 3. Bc4 Bc5 4. c3 Nf6 5. d3 d6 6. 0-0 a5 7. Re1 0-0 8. Bg5 h6 9. Bh4 g5 10. Bg3 Ba7 11. Na3 Rb8 12. Bb3 Bg4 13. Nc2 b5 14. Ne3 Bxe3 15. fxe3 a4 16. Bc2 Ne7 17. Rf1 Ng6 18. b4 axb3 19. axb3 Kg7 20. b4 Ra8 21. Qd2 Rxa1 22. Rxa1 Nh5 23. Bf2 f5 24. exf5 Bxf5 25. Qe1 Qd7 26. Nd2 Qc6 27. Ra3 Nf6 28. e4 Nf4 29. Kh1 Bg6 30. Nb3 Qd7 31. Nd2 d5 32. Nf3 Re8 33. Bg3 dxe4 34. dxe4 Qc6 35. Nd2 Rd8 36. h3 Ra8 37. Rxa8 Qxa8 38. Kh2 Qc6 1/2-1/2

[Event "Prague Challengers 6th"]
[Site "Prague"]
[Date "2024.02.28"]
[Round "2"]
[White "Mishra, Abhimanyu"]
[Black "Rodshtein, Maxim"]
[Result "1/2-1/2"]
[WhiteElo "2627"]
[BlackElo "2590"]
[PlyCount "80"]
[EventDate "2024.02.26"]
[EventType "tourn"]
[EventRounds "9"]
[EventCountry "CZE"]
[EventCategory "12"]
[SourceTitle "CB11_2024"]
[SourceDate "2024.03.13"]
[SourceVersion "1"]
[SourceVersionDate "2024.03.13"]
[SourceQuality "1"]

1. d4 Nf6 2. c4 e6 3. Nf3 d5 4. g3 Bb4+ 5. Bd2 Be7 6. Bg2 c6 7. 0-0 Nbd7 8. Qc2 0-0 9. Rc1 a5 10. a3 b6 11. cxd5 cxd5 12. Nc3 Ba6 13. Bg5 Qb8 14. e3 Rc8 15. Bf1 Bxf1 16. Kxf1 b5 17. Qd3 b4 18. Nb5 bxa3 19. bxa3 Qb7 20. Nd2 a4 21. Bf4 Ne8 22. g4 Nb6 23. Rxc8 Rxc8 24. Rb1 Qa6 25. Ke2 Nc4 26. Nxc4 Rxc4 27. g5 g6 28. Kf3 Nd6 29. Nxd6 Bxd6 30. Bxd6 Qxd6 31. Kg2 Qd8 32. h4 h6 33. Rh1 hxg5 34. h5 gxh5 35. Rxh5 Qf6 36. Qb1 Kg7 37. Rh7+ Kg8 38. Rh5 Kg7 39. Rh7+ Kg8 40. Rh5 Kg7 1/2-1/2

[Event "Chessable Play In Match D3"]
[Site "Chess.com INT"]
[Date "2024.02.01"]
[Round "1.1"]
[White "Christiansen, Johan Sebastian"]
[Black "Mishra, Abhimanyu"]
[Result "1-0"]
[WhiteElo "2632"]
[BlackElo "2627"]
[PlyCount "77"]
[EventDate "2024.02.01"]
[EventType "k.o. (rapid)"]
[EventRounds "1"]
[EventCountry "USA"]
[SourceTitle "CB06_2024"]
[SourceDate "2024.02.07"]
[SourceVersion "1"]
[SourceVersionDate "2024.02.07"]
[SourceQuality "1"]

1. Nf3 d5 2. c4 c6 3. g3 Nf6 4. Bg2 dxc4 5. 0-0 Nbd7 6. Qc2 Nb6 7. Na3 Be6 8. Ng5 Bg4 9. Nxc4 Bxe2 10. Ne5 Bh5 11. Re1 h6 12. Nh3 g5 13. b4 a6 14. Bb2 Bg7 15. g4 Bg6 16. Nxg6 fxg6 17. Qxg6+ Kf8 18. f4 Qe8 19. Qf5 Qd7 20. Re6 Qxd2 21. Bxf6 Bxf6 22. Rxf6+ exf6 23. Qxf6+ Kg8 24. Qg6+ Kf8 25. Rf1 Qd4+ 26. Kh1 Ke7 27. fxg5 Raf8 28. Re1+ Kd8 29. gxh6 Kc8 30. Ng5 Qxb4 31. Rb1 Qd2 32. Bxc6 Qd4 33. Ne6 Qc4 34. Nxf8 bxc6 35. Qf5+ Kb7 36. Nd7 Ka7 37. Nxb6 Qe2 38. Qd7+ Kb8 39. Nd5+ 1-0

[Event "Chessable Play In Match D3"]
[Site "Chess.com INT"]
[Date "2024.02.01"]
[Round "1.2"]
[White "Mishra, Abhimanyu"]
[Black "Christiansen, Johan Sebastian"]
[Result "1/2-1/2"]
[WhiteElo "2627"]
[BlackElo "2632"]
[PlyCount "85"]
[EventDate "2024.02.01"]
[EventType "k.o. (rapid)"]
[EventRounds "1"]
[EventCountry "USA"]
[SourceTitle "CB06_2024"]
[SourceDate "2024.02.07"]
[SourceVersion "1"]
[SourceVersionDate "2024.02.07"]
[SourceQuality "1"]

1. e4 e5 2. Nf3 Nc6 3. Bc4 Nf6 4. d3 d5 5. exd5 Nxd5 6. 0-0 Bg4 7. Re1 Qd6 8. d4 0-0-0 9. dxe5 Qc5 10. Nbd2 Nd4 11. Be2 Nxe2+ 12. Qxe2 Qxc2 13. h3 Bh5 14. Ne4 Qxe2 15. Rxe2 Bxf3 16. gxf3 Be7 17. Bd2 Rhe8 18. f4 f5 19. Nc3 Nb4 20. Be3 a6 21. a3 Nc6 22. Rd1 Rxd1+ 23. Nxd1 Rd8 24. Nc3 Rd3 25. Rd2 Rxd2 26. Bxd2 Nd4 27. Be3 Ne6 28. Kf1 Kd7 29. Ke2 Kc6 30. Kd3 a5 31. Kc4 Bh4 32. b4 axb4 33. axb4 Kd7 34. b5 h6 35. Ne2 Be7 36. Nc3 Bh4 37. Ne2 Be7 38. Nc3 Bd8 39. Nd5 Bh4 40. Kd3 Bd8 41. Kc4 Nf8 42. Nc3 Ne6 43. Nd5 1/2-1/2

[Event "FIDE Grand Swiss"]
[Site "Douglas"]
[Date "2023.11.03"]
[Round "9"]
[White "Grandelius, Nils"]
[Black "Mishra, Abhimanyu"]
[Result "1/2-1/2"]
[WhiteElo "2689"]
[BlackElo "2592"]
[PlyCount "60"]
[EventDate "2023.10.25"]
[EventType "swiss"]
[EventRounds "11"]
[EventCountry "IOM"]
[SourceTitle "Mega2024 Update 01"]
[Source "Chessbase"]
[SourceDate "2023.11.12"]
[SourceVersion "1"]
[SourceVersionDate "2023.11.12"]
[SourceQuality "1"]

1. e4 e6 2. d4 d5 3. Nc3 Bb4 4. exd5 exd5 5. Bd3 Nf6 6. a3 Bxc3+ 7. bxc3 0-0 8. Ne2 Bg4 9. f3 Bh5 10. h4 Bg6 11. Kf2 c5 12. Ng3 c4 13. Bf5 Nh5 14. Nxh5 Bxh5 15. Rb1 b6 16. Qd2 Nc6 17. Qf4 Ne7 18. Bh3 Bg6 19. Rb2 h6 20. Re1 Nc6 21. Bd2 f5 22. Rbb1 Rf6 23. Rbd1 Qd7 24. Qg3 Bf7 25. Re2 Re8 26. Rde1 Rxe2+ 27. Rxe2 Rg6 28. Qf4 Rf6 29. Qg3 Rg6 30. Qf4 Rf6 1/2-1/2

[Event "FIDE Grand Swiss"]
[Site "Douglas"]
[Date "2023.10.27"]
[Round "3"]
[White "Mishra, Abhimanyu"]
[Black "Svane, Rasmus"]
[Result "1/2-1/2"]
[WhiteElo "2592"]
[BlackElo "2646"]
[PlyCount "89"]
[EventDate "2023.10.25"]
[EventType "swiss"]
[EventRounds "11"]
[EventCountry "IOM"]
[SourceTitle "Mega2024 Update 01"]
[Source "Chessbase"]
[SourceDate "2023.11.12"]
[SourceVersion "1"]
[SourceVersionDate "2023.11.12"]
[SourceQuality "1"]

1. e4 e5 2. Nf3 Nc6 3. Bc4 Nf6 4. d3 Bc5 5. c3 d6 6. 0-0 h6 7. Re1 0-0 8. Nbd2 Bb6 9. b4 Ne7 10. Bb3 c6 11. a4 Ng6 12. a5 Bc7 13. d4 Re8 14. dxe5 dxe5 15. Bc4 Bd7 16. Nb3 b6 17. Qc2 Qe7 18. Be3 Ng4 19. Bc1 Nf6 20. h3 Nh5 21. Be3 Qf6 22. Nbd2 Red8 23. Bf1 Be6 24. g3 Qe7 25. Nc4 b5 26. Bc5 Qf6 27. Ncd2 Bd6 28. Bxd6 Rxd6 29. c4 a6 30. Ra3 Rad8 31. Rae3 Qe7 32. Nb3 Nf6 33. Nc5 Bc8 34. Rc3 Nh7 35. Nd3 Bd7 36. Nc5 Bc8 37. Nd3 Bd7 38. cxb5 cxb5 39. Rc7 Qf6 40. Re3 Ng5 41. Nxg5 hxg5 42. Be2 Nf4 43. gxf4 gxf4 44. Rf3 Qg6+ 45. Kf1 1/2-1/2

[Event "USA-ch"]
[Site "Saint Louis"]
[Date "2023.10.17"]
[Round "11"]
[White "Mishra, Abhimanyu"]
[Black "Aronian, Levon"]
[Result "1-0"]
[WhiteElo "2592"]
[BlackElo "2742"]
[PlyCount "89"]
[EventDate "2023.10.05"]
[EventType "tourn"]
[EventRounds "11"]
[EventCountry "USA"]
[EventCategory "18"]
[SourceTitle "EXT 2024"]
[Source "ChessBase"]
[SourceDate "2023.10.10"]
[SourceVersion "1"]
[SourceVersionDate "2023.10.10"]
[SourceQuality "1"]

1. d4 Nf6 2. c4 g6 3. g3 Bg7 4. Bg2 0-0 5. Nc3 Nc6 6. e3 d6 7. Nge2 e5 8. d5 Ne7 9. b3 Nd7 10. Bb2 f5 11. f4 e4 12. Nd4 Nf6 13. 0-0 c5 14. dxc6 bxc6 15. Qd2 a6 16. Rfd1 Qc7 17. Nde2 Rd8 18. c5 Ne8 19. Na4 Bxb2 20. Qxb2 Nd5 21. Qc1 Nef6 22. Nd4 Ng4 23. Nb6 Nxb6 24. cxb6 Qxb6 25. h3 Nf6 26. Qxc6 Qxc6 27. Nxc6 Rd7 28. Rac1 Bb7 29. Na5 d5 30. Bf1 Kf7 31. b4 Rg8 32. Kf2 g5 33. a3 gxf4 34. gxf4 Rg6 35. Nb3 Rh6 36. Nd4 Rh5 37. Rc5 Ng8 38. Rdc1 Ne7 39. a4 Rh6 40. a5 Kf8 41. b5 axb5 42. Bxb5 Rdd6 43. Rc7 Ba6 44. Bxa6 Rxa6 45. Rb1 1-0

[Event "USA-ch"]
[Site "Saint Louis"]
[Date "2023.10.13"]
[Round "8"]
[White "Mishra, Abhimanyu"]
[Black "Sevian, Samuel"]
[Result "1-0"]
[WhiteElo "2592"]
[BlackElo "2698"]
[PlyCount "169"]
[EventDate "2023.10.05"]
[EventType "tourn"]
[EventRounds "11"]
[EventCountry "USA"]
[EventCategory "18"]
[SourceTitle "EXT 2024"]
[Source "ChessBase"]
[SourceDate "2023.10.10"]
[SourceVersion "1"]
[SourceVersionDate "2023.10.10"]
[SourceQuality "1"]

1. d4 Nf6 2. c4 e6 3. Nf3 b6 4. g3 Ba6 5. b3 Bb4+ 6. Bd2 Be7 7. Nc3 d5 8. cxd5 exd5 9. Bg2 0-0 10. 0-0 Re8 11. Ne5 Bb7 12. Rc1 Nbd7 13. Bf4 Nf8 14. h4 h6 15. e3 Ne6 16. g4 c6 17. Bg3 c5 18. dxc5 Bxc5 19. Qf3 Qe7 20. Nd3 Rad8 21. Nxc5 bxc5 22. Be5 Nd7 23. Bg3 Nb6 24. Rfe1 Rd7 25. Qf5 Red8 26. Ne2 Re8 27. Red1 Red8 28. Nf4 Nxf4 29. Qxf4 d4 30. Bxb7 Rxb7 31. exd4 cxd4 32. Rxd4 Rxd4 33. Qxd4 Rd7 34. Qe5 Qb4 35. g5 hxg5 36. hxg5 Qd2 37. Bf4 Qd5 38. Qxd5 Nxd5 39. Bd2 Kh7 40. Kg2 Kg6 41. Kf3 Ne7 42. Bf4 Nf5 43. Kg4 Ne7 44. Rc7 Rxc7 45. Bxc7 Nd5 46. Bb8 a6 47. f4 f5+ 48. Kf3 Nb4 49. a4 Nc6 50. Be5 Kf7 51. Bc3 g6 52. Ke3 Ke6 53. b4 Kd5 54. Kd3 Ne7 55. Bd4 Nc6 56. Bc5 Na5 57. Bf2 Nc4 58. Kc3 Nd6 59. Bd4 Ne4+ 60. Kd3 Nd6 61. Bg1 Nc4 62. b5 axb5 63. axb5 Nd6 64. b6 Nb7 65. Be3 Nd6 66. Kc3 Ke4 67. Bc1 Kd5 68. Kb4 Kc6 69. Be3 Kd5 70. Bc5 Nb7 71. Be3 Nd6 72. Ka5 Kc6 73. Ka6 Nb7 74. Bd4 Nd8 75. Bf6 Ne6 76. Be7 Nxf4 77. b7 Nd5 78. b8Q Nxe7 79. Qe5 Kd7 80. Kb7 f4 81. Qxf4 Nf5 82. Qa4+ Ke7 83. Kc7 Ng7 84. Qd7+ Kf8 85. Qd8+ 1-0

[Event "USA-ch"]
[Site "Saint Louis"]
[Date "2023.10.12"]
[Round "7"]
[White "Swiercz, Dariusz"]
[Black "Mishra, Abhimanyu"]
[Result "1/2-1/2"]
[WhiteElo "2620"]
[BlackElo "2592"]
[PlyCount "100"]
[EventDate "2023.10.05"]
[EventType "tourn"]
[EventRounds "11"]
[EventCountry "USA"]
[EventCategory "18"]
[SourceTitle "EXT 2024"]
[Source "ChessBase"]
[SourceDate "2023.10.10"]
[SourceVersion "1"]
[SourceVersionDate "2023.10.10"]
[SourceQuality "1"]

1. e4 e6 2. d4 d5 3. Nc3 Bb4 4. Nge2 dxe4 5. a3 Bxc3+ 6. Nxc3 Nc6 7. Bf4 Nf6 8. Bb5 Nd5 9. Bxc6+ bxc6 10. Bd2 Nxc3 11. Bxc3 Ba6 12. Qg4 Qd5 13. Qxg7 0-0-0 14. Qe5 Qxe5 15. dxe5 Rhg8 16. Rg1 h5 17. Rd1 Rxd1+ 18. Kxd1 e3 19. fxe3 c5 20. Ke1 Rg5 21. Kf2 Bb7 22. h4 Rg4 23. g3 Be4 24. Rc1 Bf5 25. b3 Rg8 26. Be1 Rd8 27. Kf3 Bg4+ 28. Kf4 c4 29. Bc3 cxb3 30. cxb3 Rd1 31. Rxd1 Bxd1 32. b4 a6 33. a4 c6 34. a5 Bg4 35. Ke4 Kb7 36. Kd4 Bf3 37. Kc5 Bg4 38. Kd6 Bh3 39. Bd4 Bg4 40. Bc5 Bh3 41. Ke7 Bg4 42. Kxf7 Bh3 43. Bd6 Bg4 44. Kg6 Bf3 45. Kf6 Bg4 46. Bc5 Bh3 47. Kg5 Bg4 48. Kf6 Bh3 49. Kg5 Bg4 50. Kf6 Bh3 1/2-1/2

[Event "USA-ch"]
[Site "Saint Louis"]
[Date "2023.10.11"]
[Round "6"]
[White "Mishra, Abhimanyu"]
[Black "Dominguez Perez, Leinier"]
[Result "1/2-1/2"]
[WhiteElo "2592"]
[BlackElo "2745"]
[PlyCount "123"]
[EventDate "2023.10.05"]
[EventType "tourn"]
[EventRounds "11"]
[EventCountry "USA"]
[EventCategory "18"]
[SourceTitle "EXT 2024"]
[Source "ChessBase"]
[SourceDate "2023.10.10"]
[SourceVersion "1"]
[SourceVersionDate "2023.10.10"]
[SourceQuality "1"]

1. e4 e5 2. Nf3 Nc6 3. Bc4 Bc5 4. c3 Nf6 5. d3 d6 6. 0-0 Bb6 7. Re1 0-0 8. a4 a5 9. h3 h6 10. Nbd2 Ne7 11. Bb3 c6 12. Bc2 Ng6 13. d4 Re8 14. Nf1 d5 15. Nxe5 Nxe5 16. dxe5 Nxe4 17. Bxe4 dxe4 18. Qh5 Qd5 19. Bf4 e3 20. Nxe3 Qe4 21. Bg3 Be6 22. Nf1 Qc2 23. Qd1 Qg6 24. Qe2 Rad8 25. Red1 Bb3 26. Rxd8 Rxd8 27. Bf4 Qf5 28. Qg4 Qc2 29. Ne3 Qxb2 30. Rf1 Bxe3 31. Bxe3 Qxc3 32. Bxh6 Qxe5 33. Be3 Be6 34. Qh4 Rd3 35. Bb6 f6 36. f3 Ra3 37. Re1 Ra1 38. Rxa1 Qxa1+ 39. Kh2 Qe5+ 40. Qg3 Qxg3+ 41. Kxg3 Bb3 42. Bxa5 Bxa4 43. Kf4 Kf7 44. Ke4 Ke6 45. Bb6 Bb5 46. h4 f5+ 47. Kf4 Bf1 48. g4 fxg4 49. fxg4 g6 50. Ke4 Be2 51. Kd4 Kd6 52. h5 gxh5 53. gxh5 Bxh5 54. Kc4 Be2+ 55. Kb4 Bf1 56. Bc5+ Kd5 57. Bb6 Be2 58. Bc5 Bf1 59. Bb6 Be2 60. Bc5 Bf1 61. Bb6 Be2 62. Bc5 1/2-1/2

[Event "AI Cup Play In"]
[Site "Chess.com INT"]
[Date "2023.09.18"]
[Round "6"]
[White "Mishra, Abhimanyu"]
[Black "Klekowski, Maciej"]
[Result "1/2-1/2"]
[WhiteElo "2599"]
[BlackElo "2477"]
[PlyCount "102"]
[EventDate "2023.09.18"]
[EventType "swiss (rapid)"]
[EventRounds "9"]
[EventCountry "USA"]
[SourceTitle "EXT 2024"]
[Source "ChessBase"]
[SourceDate "2023.10.10"]
[SourceVersion "1"]
[SourceVersionDate "2023.10.10"]
[SourceQuality "1"]

1. d4 Nf6 2. c4 e6 3. Nf3 b6 4. g3 Bb7 5. Bg2 Be7 6. Nc3 Ne4 7. Bd2 0-0 8. d5 Nxd2 9. Nxd2 e5 10. 0-0 Bb4 11. Qb3 Bxc3 12. Qxc3 d6 13. b4 c5 14. dxc6 Nxc6 15. e3 Rc8 16. Rfd1 Qc7 17. Ne4 Rfd8 18. c5 dxc5 19. bxc5 Ba8 20. Qa3 bxc5 21. Qxc5 Qe7 22. Rac1 Qxc5 23. Nxc5 Kf8 24. Rxd8+ Rxd8 25. Bxc6 Bxc6 26. Ne6+ fxe6 27. Rxc6 Ke7 28. Ra6 Rd7 29. Kg2 Kf6 30. Kf3 h5 31. h4 Kf5 32. e4+ Kf6 33. Ke3 g6 34. f4 Rc7 35. fxe5+ Kxe5 36. Ra5+ Kf6 37. Kf4 Rf7 38. Ra6 Rc7 39. e5+ Kf7 40. Kg5 Re7 41. a4 Kg7 42. Kf4 Kf7 43. Ke4 Rb7 44. Kd4 Ke7 45. Kc5 Rc7+ 46. Rc6 Kd7 47. Rxc7+ Kxc7 48. Kb5 Kb7 49. Kc5 Kc7 50. Kb5 Kb7 51. Kc5 Kc7 1/2-1/2